000 01311cam a22003737a 4500
003 CHAP
005 20220329140646.0
008 971013s1977 r 00010 d
010 _a55518
011 _a56490
035 _a60643
040 _cCHAP
082 _a338.17318
_bS2
100 0 0 _aScobie, Grant MacDonald.
_9103348
245 1 3 _aEl impacto de las variedades de arroz con altos rendimientos en América Latina con énfasis especial en Colombia
260 _aCali :
_bCentro Internacional de Agricultura Tropical,
_c1977
300 _a167 p.
_b: gráfs.
490 0 _aSerie JS-01
590 _aBATCH-UPD
_b10
_c20130109
_lUCH01
_h2329
590 _aBATCH-UPD
_b10
_c20130110
_lUCH01
_h0400
590 _aBATCH-UPD
_b10
_c20130410
_lUCH01
_h1603
590 _aBATCH-UPD
_b10
_c20130914
_lUCH01
_h2016
590 _aCONVERSION
_b10
_c20130109
_lUCH01
_h1330
650 1 4 _aArroz
_xAspectos económicos.
_97562
650 1 4 _aArroz
_xColombia.
_97580
650 1 4 _aArroz
_xRendimiento.
_97651
650 1 4 _aArroz
_xVariedades.
_97668
700 0 _aPosada T., Rafael.
_991033
830 0 _aSerie JS-01
_9104939
901 _aBK
942 _cLIBRO
949 _a338.17318 S2
_bBC
_cLIBRO
_d33724000550448
_eLIBRO
_h44490
_i60643
_si
949 _a338.17318 S2
_bBC
_cLIBRO
_d33724000687612
_eLIBRO
_fc.2
_h92956
_i60643
_sb
999 _c55518
_d55518